भ्ाारत में मानवाधिकार (Record no. 53475)
[ view plain ]
| 000 -LEADER | |
|---|---|
| fixed length control field | 00545nam a22001577a 4500 |
| 003 - CONTROL NUMBER IDENTIFIER | |
| control field | macl |
| 005 - DATE AND TIME OF LATEST TRANSACTION | |
| control field | 20170926124927.0 |
| 008 - FIXED-LENGTH DATA ELEMENTS--GENERAL INFORMATION | |
| fixed length control field | 160305b xxu||||| |||| 00| 0 eng d |
| 040 ## - CATALOGING SOURCE | |
| Transcribing agency | macl |
| 082 ## - DEWEY DECIMAL CLASSIFICATION NUMBER | |
| Classification number | 323 |
| 100 ## - MAIN ENTRY--PERSONAL NAME | |
| Personal name | मिश्रा ,डाॅ .महेन्द्र के. |
| 9 (RLIN) | 69224 |
| 245 ## - TITLE STATEMENT | |
| Title | भ्ाारत में मानवाधिकार |
| 260 ## - PUBLICATION, DISTRIBUTION, ETC. (IMPRINT) | |
| Place of publication, distribution, etc. | दिल्ली |
| Name of publisher, distributor, etc. | ए .अार .एस. पब्लिकेशन |
| Date of publication, distribution, etc. | 2010 |
| 650 ## - SUBJECT ADDED ENTRY--TOPICAL TERM | |
| Topical term or geographic name as entry element | मानवाधिकार |
| 9 (RLIN) | 49377 |
| 942 ## - ADDED ENTRY ELEMENTS (KOHA) | |
| Source of classification or shelving scheme | |
| Koha item type | Hindi Books |
| Withdrawn status | Lost status | Source of classification or shelving scheme | Damaged status | Not for loan | Home library | Current library | Date acquired | Cost, normal purchase price | Total Checkouts | Barcode | Date last seen | Date last checked out | Price effective from |
|---|---|---|---|---|---|---|---|---|---|---|---|---|---|
| MACL | MACL | 05/03/2016 | 500.00 | 1 | CRH25557 | 01/04/2016 | 05/03/2016 | 05/03/2016 |









